| 000 | 01078nam a22002537a 4500 | ||
|---|---|---|---|
| 999 |
_c65144 _d65144 |
||
| 005 | 20240530110809.0 | ||
| 008 | 190115s2007 ua a g 000 0 ara d | ||
| 017 |
_a2007/23926 _bمصر. دار الكتب |
||
| 020 | _a9774375262 | ||
| 040 |
_aEG-CaGPL _cEG-CaGPL |
||
| 082 | 0 | 4 |
_221 _a792.09 / _bم هـ |
| 100 | 1 | _aموى ، توريل | |
| 245 | 1 | 0 |
_aهنريك ابسن وميلاد النزعة الى الحداثة : _bالفن والمسرح والفلسفة / _cتأليف توريل موى ؛ ترجمة جمال عبدالمقصود ؛ مراجعة محمد ابوالخير |
| 250 | _aط.1 | ||
| 260 |
_aالقاهرة : _bوزارة الثقافة : مهرجان القاهرة الدولى للمسرح التجريبى، _c2007. |
||
| 300 |
_a790 ص. : _bايض ؛ _c24 سم. |
||
| 600 | 0 | _aهنريك ابسن | |
| 650 | 0 | 7 |
_2qrmak _aالمسرح |
| 651 | _2qrmak | ||
| 700 | 0 |
_aجمال عبدالمقصود _eمترجم |
|
| 700 | 0 |
_aمحمد ابوالخير _eمراجع |
|
| 942 |
_2ddc _cBK |
||